000 00517nam a22001817a 4500
003 CEME
005 20210628202052.0
008 210113b xxu||||| |||| 00| 0 eng d
020 _a8174091025
040 _c.
082 _a669 GUP
100 _aGupta, O.P
_940512
245 _aMetallurgical engineering,objective type questions and answer
260 _aDELHI
_bKHANNA PUBLISHERS
_c2003
300 _a992P
650 _aMETALLURGICAL ENGINEERING - OBJECTIVE TYPE QUESTIONS AND ANSWER.
_958143
942 _cBK
_2ddc
999 _c568357
_d568357